Elementary Linear Algebra /

A first course in linear algebra for mathematics, engineering and computer science students.

Сохранить в:
Библиографические подробности
Главный автор: Anton Howard
Формат:
Язык:Vietnamese
Опубликовано: American : Wiley , 2000
Предметы:
Метки: Добавить метку
Нет меток, Требуется 1-ая метка записи!
Thư viện lưu trữ: Thư viện Trường CĐ Kỹ Thuật Cao Thắng
LEADER 01620nam a2200325 a 4500
001 TVCDKTCT8178
003 Thư viện trường Cao đẳng Kỹ thuật Cao Thắng
005 20070830000000
008 070830
980 \ \ |a Thư viện Trường CĐ Kỹ Thuật Cao Thắng 
024 |a RG_1 #1 eb0 i1 
020 # # |a 0471170550 
041 0 # |a vie 
082 # # |a 512.521 /   |b H400W-e 
100 1 # |a Anton Howard 
245 0 0 |a Elementary Linear Algebra /  |c Anton Howard 
260 # # |a American :  |b Wiley ,  |c 2000 
300 # # |a 608tr. ;  |c 27cm 
520 # # |a A first course in linear algebra for mathematics, engineering and computer science students. 
520 # # |a Praised over many editions for its expository style and clarity of presentation, the revision of this best-selling text combines linear algebra theory with applications, and addresses a new generation of students' changing needs.  
520 # # |a . 
520 # # |a This text can be used in a first or second year 1- or 2- semester course. Calculus is not a prerequisite, but there are exercises, examples, and applications for students with calculus backgrounds; they are clearly marked and can be omitted with no loss of continuity. 
520 # # |a The publisher, John Wiley & Sons 
520 # # |a Student Solutions Manual, Test Bank, Computerized Test Bank and Linear-Kit available. --This text refers to the Paperback edition. 
650 # 4 |a Reqular Exercise Sets 
650 # 4 |a Read your Documentation 
650 # 4 |a Linear Algebra Capabilities 
650 # 4 |a Addtional Topics 
650 # 4 |a Euclidean Vector Spaces 
650 # 4 |a Equivalent Statements